1092 1728 1585 1725 1853 1633 1389 1329 1127 1747 1666 1442 1456 1193 1503 1082 1817 1666 1709 1019 1678 1096 1338 1109 1848 1196 1919 1322 1005 1957 1544 1105 1849 1761 1161 1120 1432 1908 1642 1235 1873 1002 1069 1167 1841 1584 1163 1745 1460 1571 1286 1460 1908 1488 1384 1039 1154 1048 1367 1299 1340 1592 1572 1515 1843 1653 1777 1847 1480 1233 1058 1121 1315 1437 1386 1890 1619 1229 1819 1223 1831 1790 1990 1291 1973 1334 1798 1243 1626 1796 1416 1739 1167 1227 1713 1647 1326 1151 1074 BCNSPRNW ULIB Ver.6.0+V

เปลี่ยนเป็นภาษาไทย

Change to English
 แสดงรายละเอียดบรรณานุกรม
  กลับหน้าหลัก

Brief Record : Get Marc (ISO 2709) : E-mail record : QR code < ปิดหน้าต่าง
LEADER : 00000nam 2200000uu 4500
001    13399109076
003     ULIB
008    110321s2551||||th 000 0 tha d
020    9789744140777
041 1  tha^heng
050  4 HD30.28^bร765ข 2551
100 1  เรบินิเอก, ลอเรนซ์ จี
245 10 ขับเคลื่อนกลยุทธ์:การนำกลยุทธ์ไปปฏิบัติให้เกิดผลสำเร็จ=^bMaking strategy work : leading effective execution and change /^cผู้เขียน:Lawrence G. Hrebiniak; แปลและเรียบเรียงโดย จักร ติงศภัทิย์
246 31 Making strategy work :^bleading effective execution andchange
250    พิมพ์ครั้งที่ 1
260    กรุงเทพฯ :^bซีเอ็ดยูเคชั่น,^c2551
300    571 หน้า :^bภาพประกอบ ;^c24 ซม.
650  7 การจัดการ
650  7 การพัฒนาองค์การ
650  7 การวางแผนเชิงกลยุทธ์
650  7 ภาวะผู้นำ
700 1  Hrebiniak, Lawrence G.^tMaking strategy work : leadingeffective execution and change
700 0  จักร ติงศภัทิย์,^eผู้แปล
945    ^p450^l0^i029868
945    ^p450^l0^i029867
995    ทศพร
999 ^a ใช้งานได้ทุกระบบ
รายการนี้ยังไม่มีแท็ก
คุณยังไม่ได้ล็อกอิน คุณสามารถมีกิจกรรมร่วมกับเว็บไซต์ได้ แต่ต้องล็อกอินก่อน ::
  ล็อกอิน

รายการสื่อสารสนเทศ

ลำดับที่ ประเภท เลขเรียก/บาร์โค้ด สถานที่ สถานะ
1. การศึกษาทั่วไป
การศึกษาทั่วไป
HD30.28 ร765ข 2551 ฉ.1 
  Barcode: 029867
ห้องสมุดวิทยาเขตนครสวรรค์
►หนังสือทั่วไป:l:General Books
บนชั้น
2. การศึกษาทั่วไป
การศึกษาทั่วไป
HD30.28 ร765ข 2551 ฉ.2 
  Barcode: 029868
ห้องสมุดวิทยาเขตนครสวรรค์
►หนังสือทั่วไป:l:General Books
บนชั้น

รายการใกล้เคียง
    ผู้แต่ง [เรบินิเอก, ลอเรนซ์ จี]

    หัวเรื่อง [การจัดการ]
    หัวเรื่อง [การพัฒนาองค์การ]
    หัวเรื่อง [การวางแผนเชิงกลยุทธ์]
    หัวเรื่อง [ภาวะผู้นำ]

BibComment


ยังไม่เคยถูกคอมเมนท์

คอมเมนท์ทรัพยากรรายการนี้
  คอมเมนท์: ขับเคลื่อนกลยุทธ์..


 Copyright 2026. Bcnsprnw @Library